[Event "GRE-ch U14"]
[Site "Patras"]
[Date "2019.06.29"]
[Round "7.2"]
[White "Sifogiannakis, Andreas"]
[Black "Stamatiou, Rodolfos"]
[Result "0-1"]
[WhiteElo "1660"]
[BlackElo "2025"]
[PlyCount "58"]
[EventDate "2019.06.25"]
[EventType "swiss"]
[EventRounds "9"]
[EventCountry "GRE"]
[SourceTitle "EXT 2020"]
[Source "ChessBase"]
[SourceDate "2019.10.17"]
[SourceVersion "1"]
[SourceVersionDate "2019.10.17"]
[SourceQuality "1"]
[WhiteTeam "Greece"]
[BlackTeam "Greece"]
[WhiteTeamCountry "GRE"]
[BlackTeamCountry "GRE"]

1. e4 c5 2. Na3 Nc6 3. Bb5 Nf6 4. d3 Nd4 5. Ba4 b5 6. c3 bxa4 7. cxd4 cxd4 8. Qxa4 e5 9. Nc4 Rb8 10. Bd2 Be7 11. Qxa7 Rb7 12. Qa4 0-0 13. Nxe5 d5 14. Qxd4 dxe4 15. Qxd8 Bxd8 16. 0-0-0 Be6 17. b3 Bb6 18. Be3 Rc8+ 19. Kb2 Bxe3 20. fxe3 Nd5 21. Nc4 exd3 22. Ka1 Rxc4 23. bxc4 Nxe3 24. Rd2 Nc2+ 25. Rxc2 dxc2 26. Ne2 Bxc4 27. Nc3 g5 28. Rc1 Bd3 29. a4 Rb3 0-1

[Event "Heraklion Gazi op 13th"]
[Site "Heraklion"]
[Date "2017.08.01"]
[Round "5"]
[White "Lirindzakis, Timotheos"]
[Black "Sifogiannakis, Andreas"]
[Result "1-0"]
[WhiteElo "2172"]
[BlackElo "1496"]
[PlyCount "71"]
[EventDate "2017.07.28"]
[EventType "swiss"]
[EventRounds "9"]
[EventCountry "GRE"]
[SourceTitle "CBM 179 Extra"]
[Source "ChessBase"]
[SourceDate "2017.08.23"]
[SourceVersion "1"]
[SourceVersionDate "2017.08.23"]
[SourceQuality "1"]

1. d4 d5 2. c4 e6 3. Nf3 Nf6 4. g3 Nbd7 5. Bg2 b6 6. 0-0 Be7 7. Nc3 Bb7 8. Ne5 0-0 9. Qa4 Nxe5 10. dxe5 Ne4 11. Nxe4 dxe4 12. Rd1 Qe8 13. Qc2 Rd8 14. Rxd8 Qxd8 15. Be3 f5 16. exf6 Bxf6 17. Rd1 Qe7 18. b3 Rd8 19. Rxd8+ Qxd8 20. Bxe4 Bxe4 21. Qxe4 Qd7 22. Qa8+ Kf7 23. Qxa7 Be5 24. Qb7 Qd1+ 25. Kg2 Qxe2 26. Qf3+ Qxf3+ 27. Kxf3 Bd6 28. h3 Kf6 29. Ke4 g6 30. g4 c5 31. f3 Bc7 32. a3 h5 33. b4 cxb4 34. axb4 Ke7 35. Bf4 Bd8 36. Bg5+ 1-0

[Event "GRE-ch U12"]
[Site "Achaia"]
[Date "2017.06.29"]
[Round "5"]
[White "Kalamoukos, Grigorios"]
[Black "Sifogiannakis, Andreas"]
[Result "1/2-1/2"]
[WhiteElo "1331"]
[BlackElo "1496"]
[PlyCount "71"]
[EventDate "2017.06.26"]
[EventType "swiss"]
[EventRounds "9"]
[EventCountry "GRE"]
[SourceTitle "EXT 2018"]
[Source "ChessBase"]
[SourceDate "2017.10.13"]
[SourceVersion "1"]
[SourceVersionDate "2017.10.13"]
[SourceQuality "1"]

1. d4 d5 2. Bf4 Nf6 3. e3 e6 4. Nf3 Nbd7 5. c3 Be7 6. Bd3 b6 7. 0-0 Bb7 8. h3 0-0 9. Nbd2 Ne4 10. Ne5 f6 11. Nxd7 Qxd7 12. Qh5 f5 13. Nxe4 fxe4 14. Be2 Rf5 15. Qg4 Bd6 16. Bxd6 Qxd6 17. Qh4 Raf8 18. Bg4 R5f6 19. f4 exf3 20. Rxf3 e5 21. Raf1 exd4 22. Rxf6 Rxf6 23. Rxf6 Qxf6 24. Qxf6 gxf6 25. exd4 Kf7 26. Bf5 h6 27. Kf2 Ba6 28. Bg4 Bd3 29. Ke3 Be4 30. Bf3 f5 31. g4 Bxf3 32. Kxf3 fxg4+ 33. hxg4 Kf6 34. b4 b5 35. Kg3 Kg5 36. Kf3 1/2-1/2

[Event "GRE-ch U10"]
[Site "Rio Achaia"]
[Date "2015.06.29"]
[Round "6.8"]
[White "Stamatiou, Rodolfos"]
[Black "Sifogiannakis, Andreas"]
[Result "0-1"]
[WhiteElo "1212"]
[BlackElo "1116"]
[PlyCount "121"]
[EventDate "2015.06.26"]
[EventType "swiss"]
[EventRounds "9"]
[EventCountry "GRE"]
[SourceTitle "EXT 2024"]
[Source "ChessBase"]
[SourceDate "2023.10.10"]
[SourceVersion "1"]
[SourceVersionDate "2023.10.10"]
[SourceQuality "1"]

1. e4 e5 2. Nf3 Nc6 3. d4 exd4 4. Nxd4 Bc5 5. Nb3 Bb6 6. Nc3 d6 7. Qe2 h6 8. Be3 Nf6 9. 0-0-0 0-0 10. f3 Ne5 11. Rg1 Be6 12. Kb1 Bxe3 13. Qxe3 a5 14. Nd4 Bd7 15. a4 Qe8 16. Ndb5 Bxb5 17. Nxb5 Qc6 18. g4 Rfe8 19. Bd3 d5 20. exd5 Nxd5 21. Qf2 Nf4 22. Be4 Qc4 23. b3 Qb4 24. Qd2 Ne6 25. Qxb4 axb4 26. f4 Nxf4 27. Nxc7 Ne2 28. Nxa8 Nxg1 29. Rxg1 Rxa8 30. Bxb7 Rd8 31. Kc1 Rd4 32. h3 h5 33. g5 Rh4 34. Rg3 Rd4 35. a5 Rd6 36. a6 Nc6 37. Rd3 Rxd3 38. cxd3 Na7 39. Kd2 f6 40. Bd5+ Kf8 41. gxf6 gxf6 42. Ke3 Ke7 43. Bf3 h4 44. Bd5 Kd6 45. Be4 Nb5 46. d4 Ke6 47. Kd3 f5 48. Bf3 Kf6 49. Kc4 Na7 50. Kxb4 Kg5 51. d5 Kf4 52. Bg2 Kg3 53. Bf1 Kf2 54. Bd3 f4 55. Kc3 Kg3 56. Bf5 f3 57. Bd3 Kxh3 58. Bf1+ Kg3 59. Kd3 h3 60. d6 h2 61. d7 0-1

[Event "GRE-ch U10"]
[Site "Rio Achaia"]
[Date "2015.06.27"]
[Round "2.4"]
[White "Tzagarakis, Panagiotis"]
[Black "Sifogiannakis, Andreas"]
[Result "1-0"]
[WhiteElo "1329"]
[BlackElo "1116"]
[PlyCount "67"]
[EventDate "2015.06.26"]
[EventType "swiss"]
[EventRounds "9"]
[EventCountry "GRE"]
[SourceTitle "EXT 2024"]
[Source "ChessBase"]
[SourceDate "2023.10.10"]
[SourceVersion "1"]
[SourceVersionDate "2023.10.10"]
[SourceQuality "1"]

1. e4 e6 2. d3 d5 3. Nd2 dxe4 4. dxe4 Nf6 5. g3 Bc5 6. c3 e5 7. h3 0-0 8. Ngf3 Nc6 9. Bg2 Qd3 10. Qe2 Qd6 11. Nc4 Qe7 12. 0-0 Be6 13. b4 Bxc4 14. Qxc4 Bb6 15. a4 a6 16. Ba3 Qe8 17. b5 Na5 18. Qa2 axb5 19. Bxf8 Kxf8 20. axb5 Nxe4 21. Kh1 Nxc3 22. Qa3+ Kg8 23. Qxc3 e4 24. Nd2 Qd7 25. Nb3 Qxb5 26. Nxa5 Bxa5 27. Qxc7 h6 28. Qc2 Rd8 29. Rfb1 Qe5 30. Qxe4 Qc3 31. Qxb7 Rd2 32. Rc1 Qe5 33. Re1 Qf5 34. Re8+ 1-0